| 000 | 01274nam0a22003131 4500 | ||
|---|---|---|---|
| 001 | rc\4343577 | ||
| 005 | 20250611160738.0 | ||
| 021 |
_aRU _b[68-55300] |
||
| 035 | _a(NLR Aleph) 008275463 | ||
| 090 |
_a8483146 _c8483146 |
||
| 100 | _a20130416d1968 |||y0rusy50 ca | ||
| 101 | 1 |
_arus _clez |
|
| 102 | _aRU | ||
| 105 | _aa z |||a| | ||
| 200 | 1 |
_aДал - взял _e[Сатир. стихи] _fАвториз. пер. с лезгин. А. Внукова _gРис. М. Ушаца |
|
| 210 |
_aМосква _cПравда _d1968 |
||
| 215 |
_a64 с. _cил. _d17 |
||
| 225 | 1 |
_aБиблиотека "Крокодила" _v10 (531) |
|
| 300 | _aВ вып. дан. авт.: Жамидин Гаджибалаевич Гаджимурадов | ||
| 327 | 0 | _aЦиклы: Со второй попытки; Портреты; К чему спорить?; Может быть, басни | |
| 464 | 0 |
_12001#$aСо второй попытки$aПортреты$aК чему спорить?$aМожет быть, басни _tМожет быть, басни |
|
| 700 | 0 |
_aЖамидин _f1934- |
|
| 702 | 1 |
_aВнуков _bА. _4730 |
|
| 702 | 1 |
_aУшац _bМ. _4440 |
|
| 801 | 0 |
_aRU _bNLR _gpsbo |
|
| 801 | 1 |
_aRU _bELAR _2rusmarc |
|
| 852 |
_aNLR _j68-2/2081 |
||
| 942 | _cBOOK | ||
| 980 | _aNB | ||